Statistics for Countries of the Mongol Empire on a Map

Click here to take the quiz!

General Stats

  • This quiz has been taken 30,459 times
  • The average score is 26 of 28

Answers on the Map

Answers color-coded by a green-red scale on the quiz's map according to % correct below.
Loading ...
 

Answer Stats

Country% Correct
Russia
100%
China
100%
Mongolia
99%
South Korea
98%
North Korea
98%
Iran
98%
Kazakhstan
98%
Turkey
97%
Pakistan
97%
Iraq
97%
Afghanistan
96%
Uzbekistan
95%
Ukraine
95%
India
95%
Turkmenistan
94%
Georgia
93%
Azerbaijan
92%
Tajikistan
91%
Armenia
91%
Belarus
90%
Kyrgyzstan
90%
Vietnam
89%
Syria
89%
Romania
89%
Laos
88%
Moldova
86%
Myanmar
86%
Poland
82%

Score Distribution

Percentile by Number Answered

Percent of People with Each Score

Your Score History

You have not taken this quiz